00589nam a2200169 i 450000100060000000300090000600500170001500700030003200800410003510000360007624500620011226000470017430000230022185200320024499900170027695201260029339345ES-MaACL20230906155943.0t|030227s1962 sp ||||1| spa d1 aCalle Iturrino, Esteban.93370610aTrece sonetos astronáuticos / cEsteban Calle Iturrino. aBilbao : b[s.n., c1962] (fGráf. Nore) a14 fol. ; c24 cm. aES-MaACLjC-22356 bR.50006 c39345d39345 00104070aATENEOMbATENEOMcGaleríad2008-01-17eSCl0oC-22356p1041435r2023-02-23 00:00:00w2023-02-23yMONOGRAFIA